مكتبة جامعة عجلون الوطنية

فهرس بحث المكتبة

اللياقة البدنية الذكية وفسيولوجيا التأهيل الحركي / (Record no. 34045)

MARC details
000 -LEADER
fixed length control field 01082nam a22002297a 4500
003 - CONTROL NUMBER IDENTIFIER
control field JO-AjAnu
005 - DATE AND TIME OF LATEST TRANSACTION
control field 20251012125505.0
008 - FIXED-LENGTH DATA ELEMENTS--GENERAL INFORMATION
fixed length control field 251012b jo ||||| |||| 00| 0 ara d
020 ## - INTERNATIONAL STANDARD BOOK NUMBER
International Standard Book Number 9789957664954
040 ## - CATALOGING SOURCE
Original cataloging agency JO-AjAnu
Language of cataloging ara
Transcribing agency JO-AjAnu
Modifying agency JO-AjAnu
Description conventions rda
041 ## - LANGUAGE CODE
Language code of text/sound track or separate title ara
Language code of original ara
050 ## - LIBRARY OF CONGRESS CALL NUMBER
Classification number GV461
Item number 2026
100 #1 - MAIN ENTRY--PERSONAL NAME
Personal name هنداوي، محمد صلاح
Relator term مؤلف
9 (RLIN) 66751
245 #0 - TITLE STATEMENT
Title اللياقة البدنية الذكية وفسيولوجيا التأهيل الحركي /
Statement of responsibility, etc. محمد صلاح هنداوي، احمد صلاح السويفي
250 ## - EDITION STATEMENT
Edition statement الطبعة الاولى
260 ## - PUBLICATION, DISTRIBUTION, ETC.
Place of publication, distribution, etc. عمان :
Name of publisher, distributor, etc. دار ومكتبة الحامد للنشر والتوزيع،
Date of publication, distribution, etc. 2026
300 ## - PHYSICAL DESCRIPTION
Extent 210 صفحة
504 ## - BIBLIOGRAPHY, ETC. NOTE
Bibliography, etc. note يحتوي على قائمة مصاد باللغتين العربية والانجليزية
650 70 - SUBJECT ADDED ENTRY--TOPICAL TERM
Topical term or geographic name entry element التمارين الرياضية-العلاج الطبيعي-الوظائف الفسيولوجية-الذكاء الاصطناعي
9 (RLIN) 66752
700 #1 - ADDED ENTRY--PERSONAL NAME
Personal name السويفي، احمد صلاح
Relator term مؤلف مشارك
9 (RLIN) 66753
942 ## - ADDED ENTRY ELEMENTS (KOHA)
Source of classification or shelving scheme Library of Congress Classification
Koha item type Books
Suppress in OPAC No
Holdings
Withdrawn status Lost status Source of classification or shelving scheme Damaged status Not for loan Home library Current library Date acquired Total Checkouts Full call number Barcode Date last seen Price effective from Koha item type
    Library of Congress Classification     مكتبة جامعة عجلون الوطنية مكتبة جامعة عجلون الوطنية 12/10/2025   GV461 2026 a30450 12/10/2025 12/10/2025 Books
    Library of Congress Classification     مكتبة جامعة عجلون الوطنية مكتبة جامعة عجلون الوطنية 12/10/2025   GV461 2026 a30460 12/10/2025 12/10/2025 Books